|
|
|
|
| LEADER |
00000nam0a2200000 4500 |
| 001 |
73362 |
| 005 |
20231101212713.0 |
| 010 |
|
|
|a 594120051X
|
| 035 |
|
|
|a (RuTPU)RU\TPU\book\78287
|
| 090 |
|
|
|a 73362
|
| 100 |
|
|
|a 20050215d2004 k y0rusy50 ca
|
| 101 |
1 |
|
|a rus
|b eng
|
| 102 |
|
|
|a RU
|
| 105 |
|
|
|a a g 000zy
|
| 200 |
1 |
|
|a Соединения в конструкциях и режущий инструмент
|e справочник
|f Р. Таймингс
|
| 210 |
|
|
|a Москва
|c Додэка-XXI
|d 2004
|
| 215 |
|
|
|a 335 с.
|c ил.
|
| 225 |
1 |
|
|a Карманный справочник
|
| 606 |
1 |
|
|a Крепежные детали
|2 stltpush
|3 (RuTPU)RU\TPU\subj\16208
|9 42358
|
| 606 |
1 |
|
|a Режущие инструменты
|2 stltpush
|3 (RuTPU)RU\TPU\subj\72754
|9 86158
|
| 610 |
1 |
|
|a машиностроение
|
| 610 |
1 |
|
|a металлобработка
|
| 610 |
1 |
|
|a вычисления
|
| 610 |
1 |
|
|a резьбовые соединения
|
| 610 |
1 |
|
|a режущие инструменты
|
| 610 |
1 |
|
|a сверла
|
| 610 |
1 |
|
|a развертки
|
| 610 |
1 |
|
|a зенкеры
|
| 610 |
1 |
|
|a зенковки
|
| 610 |
1 |
|
|a резцы
|
| 610 |
1 |
|
|a фрезы
|
| 610 |
1 |
|
|a напильники
|
| 610 |
1 |
|
|a абразивные материалы
|
| 610 |
1 |
|
|a шайбы
|
| 610 |
1 |
|
|a профили
|
| 610 |
1 |
|
|a заклепочные соединения
|
| 610 |
1 |
|
|a уплотнительные кольца
|
| 610 |
1 |
|
|a нелегированные углеродистые стали
|
| 610 |
1 |
|
|a упрочнение
|
| 610 |
1 |
|
|a припои
|
| 610 |
1 |
|
|a флюсы
|
| 610 |
1 |
|
|a справочники
|
| 675 |
|
|
|a 621.88(035)
|v 3
|
| 675 |
|
|
|a 621.9.02(035)
|v 3
|
| 700 |
|
1 |
|a Таймингс
|b Р.
|g Роджер
|
| 801 |
|
1 |
|a RU
|b 63413507
|c 20050215
|g PSBO
|
| 801 |
|
2 |
|a RU
|b 63413507
|c 20220808
|g PSBO
|
| 942 |
|
|
|c BK
|